Understanding pragmatics

Saved in:
Bibliografiske detaljer
Hovedforfatter: Verschueren, Jef (Author)
Format: Bog
Sprog:engelsk
Udgivet: Londres Hodder Arnold 1999
Udgivelse:1a. ed
Serier:Understanding Language Series
Fag:
Tags: Tilføj Tag
Ingen Tags, Vær først til at tagge denne postø!

MARC

LEADER 00000nam a2200000 a 4500
001 UCK5703
003 CL-VaPUC
008 050819e19990000UK |||||||||||||||||eng|d
020 |a 0340646241 
082 0 4 |a 306.44  |b VER  |2 21 
100 0 |a Verschueren, Jef  |e author  |9 494622 
245 1 0 |a Understanding pragmatics 
250 |a 1a. ed 
300 |a 295 p 
942 |c BK 
945 |d 20050819 00:00:00  |a cmena 
260 |a Londres  |b Hodder Arnold  |c 1999 
650 0 |a Pragmática   |9 416307 
650 0 |a Lingüística  |9 265068 
650 0 |a Investigación lingüística  |9 329785 
650 0 |a Sociolingüística  |9 263716 
583 |a last modification  |c 20050819 00:00:00  |k Rodrigo Vera 
490 0 |a Understanding Language Series 
999 |c 314198  |d 314196 
952 |0 0  |1 0  |4 0  |6 306_440000000000000_VER_1999  |7 0  |8 A  |9 386209  |a FDOPOS  |b FDOPOS  |d 2019-11-22  |i 4156897  |o 306.44 VER 1999  |p 4156897  |r 2025-01-22  |w 2019-11-22  |y BK  |k MLA